000 01094nmm a2200325 a 4500
001 ocm0001221779
003 TR-IsHL
005 20201028155028.0
008 130625s2011 tu tur
007 cr cn
035 _a1221779
_b(N$T)
050 0 4 _aHC491
_b.B373 2011
090 0 4 _aHC491
_b.B373 2011
245 1 0 _aBaşarılı ihracatçılar 2009 =
_bOutstanding exporters 2009
_h[electronic resource]
250 _a1. bs.
260 _aİstanbul :
_bİstanbul Ticaret Odası,
_c2011
300 _a96 p.
650 4 _aEkonomi ve Finans
650 4 _aEconomics and Finance
650 0 _aTürkiye
_x Ekonomi politikası
650 0 _aTurkey
_x Economic policy
650 0 _aTürkiye
_x Ekonomik koşullar
650 0 _aTurkey
_x Economic conditions
650 0 _aEkonomi
_x Türkiye
650 0 _aEconomics
_x Turkey
650 0 _aİhracatçılar
_x Türkiye
650 0 _aExporters
_x Turkey
650 7 _aBUSINESS & ECONOMICS / Economic Conditions
_2bisacsh
856 4 0 _uhttp://search.ebscohost.com/login.aspx?direct=true&scope=site&db=e011xww&AN=1221779
999 _c12876
_d12876